000 00369nam a2200157Ia 4500
008 160316s2007 xxu||||| |||| 00| 0 eng d
082 _a346.030000
_bIYE-2
100 _aIyer Ramaswamy
245 _aLaw of torts
250 _a10th
260 _aNew Delhi
_bLexis Nexis
_c2007
300 _a1061p
_b
_cxxxvii
365 _bRs. 650
650 _a1.Torts
700 _a
_a
999 _c25818
_d25818